Doing business 2013 : Economic Community of West African States (ECOWAS).
| Format: | Book |
|---|---|
| Published: |
Washington D.C:
The World Bank,
2013.
|
| Edition: | 10th ed. |
| Subjects: |
| LEADER | 00457cam a2200145 7i4500 | ||
|---|---|---|---|
| 001 | 0000030168 | ||
| 005 | 20130918090000.0 | ||
| 090 | 0 | 0 | |a AF.W 338.7 |b DOI |
| 245 | 0 | 0 | |a Doing business 2013 : |b Economic Community of West African States (ECOWAS). |
| 250 | 0 | 0 | |a 10th ed. |
| 260 | 0 | 0 | |a Washington D.C: |b The World Bank, |c 2013. |
| 300 | # | # | |a 90 p. |
| 650 | 0 | 0 | |a Doing business -- |z West Africa |
| 651 | 0 | 0 | |a West Africa |
| 999 | |a 0000032992 |b Book |c Regions |e Business Information Centre | ||